01020nam a2200229 u 4500001001000000003000400010005001700014008004100031020001800072040002500090082001400115245013500129260007200264300002000336505002000356590002800376942001400404952012600418952011200544952011700656999001700773000020636OSt20210407133835.0100812s2019 dr r 00 0 spa d a9789945590968 aDO-SdBNPbspacBNPHU axxxbS96410aSusurros al atardecer sobre el río Higuamo y otros cuentos. /cVíctor de Frias, Víctor Arturus Estrella Sánchez, [et.al.]. aSanto Domingo :bFundación Global Democracia y Desarrollo,c2019. a78 p. ;c24 cm. aPremio FUNGLODE aInventariado, 2020 / DG 2ddccLBS1 001054708DSaGRbGRcHDd2020-03-13iLF1l0oxxx S964p20636-30r2020-06-25te.3w2020-06-25yLFDSZPréstamo en sala 0010718PDaPDbPDcHDd2020-03-13iLF1l0oxxx S964p20636-10r2020-06-25w2020-06-25yLFPDZNo se presta 0010718PDaPDbPDcHDd2020-03-13iLF1l0oxxx S964p20636-20r2020-06-25te.2w2020-06-25yLFPDZNo se presta c20140d20140